00513nam a22001697a 450000500170000002000260001703700170004308200080006010000300006824500540009826000350015227000630018730000430025070000100029394200230030399900170032620120224115839.0 a9780143031055c699.00 bVirtuous/Ven a909 aNehru, Jawahar Lal947758 aGlimpses of world history /cby Jawahar Lal Nehru aNew DelhibPenguin Booksc2004 a11, Community Centre, panchsheel Park, bNew Delhie110017 axxxvii1155pc23cm(pbk)bincludes Index 942986 2ddccENm.NEHk909 c67056d67056